| 000 | 00440cam a2200145 4500500 | ||
|---|---|---|---|
| 005 | 20251012023358.0 | ||
| 041 | _afre | ||
| 042 | _adc | ||
| 100 | 1 | 0 |
_aJollien, Alexandre _eauthor |
| 245 | 0 | 0 | _aTempĂȘte de sable |
| 260 | _c2017. | ||
| 500 | _a12 | ||
| 786 | 0 | _nRevue Quart Monde | 242 | 2 | 2017-04-01 | p. 47-48 | 0980-7764 | |
| 856 | 4 | 1 | _uhttps://shs.cairn.info/revue-revue-quart-monde-2017-2-page-47?lang=fr&redirect-ssocas=7080 |
| 999 |
_c1542219 _d1542219 |
||